Statistiques concernant Eris... ou Eros?

Cliquez ici pour prendre le quiz!

Statistiques générales

  • Ce quiz a été pris 227 fois
  • Le résultat moyen est 9 sur 15

Statistiques - réponses

QuestionRéponse% Correct
A Cupidon pour équivalent romainEros
98%
Est associé à l'AmourEros
94%
Est généralement décrit comme étant de sexe fémininEris
93%
Est régulièrement représenté par un angeEros
89%
A l'arc pour attribut récurrentEros
85%
Entretient une relation amoureuse avec PsychéEros
78%
Est parfois considéré comme descendant d'Aphrodite et ArèsEros
75%
Est associé à une certaine pommeEris
68%
Joue un rôle central dans la Guerre de TroieEris
62%
A le plus de descendantsEris
44%
Son nom est à l'origine d'au moins un mot en langue françaiseLes deux
39%
Dispose d'un temple dédié sur l'Acropole d'AthènesAucun
37%
Est parfois considéré comme une des cinq divinités primordiales enfantées du ChaosEros
31%
Donne son nom à une planète naine du Système solaireEris
24%
Apparaît dans l'univers du manga Les Chevaliers du Zodiaque (Saint Seyia)Eris
19%

Distribution des résultats

Percentile par nombre de réponses

% des personnes avec chaque résultat

Votre développement - résultats

Vous n’avez pas pris ce quiz